000
00216 a2200097 4500
001
42930
100
_a
Pirzada S.S
245
_a
Evolution of Pakistan
260
_a
Lahore
_b
Babur amer pub
_c
090
_c
26811
_d
26811
942
_a
NUST-CAE
_c
M
_c
18682
999
_c
278003
_d
278003